1177 1476 1878 1662 1009 1410 1328 1264 1732 1414 1877 1530 1066 1287 1482 1394 1692 1170 1374 1618 1839 1740 1873 1982 1529 1918 1069 1332 1665 1042 1595 1806 1308 1857 1808 1065 1504 1814 1809 1981 1189 1744 1346 1395 1695 1157 1875 1577 1940 1865 1909 1395 1736 1789 1002 1883 1668 1451 1702 1025 1283 1687 1147 1340 1697 1835 1135 1018 1438 1415 1578 1632 1924 1260 1929 1022 1469 1369 1973 1704 1914 1275 1769 1920 1102 1646 1633 1926 1360 1182 1471 1499 1915 1557 1578 1556 1799 1540 1125 BCNSPRNW ULIB Ver.6.0+V

เปลี่ยนเป็นภาษาไทย

Change to English
 แสดงรายละเอียดบรรณานุกรม
  กลับหน้าหลัก

Brief Record : Get Marc (ISO 2709) : E-mail record : QR code < ปิดหน้าต่าง
LEADER : 00000nam 2200000uu 4500
001    13399115008
003     ULIB
008    120629s2541||||th 000 0 tha d
020    9789742307332
090    นว.^bก713ป
100 0  กฤษณา อโศกสิน
245 00 ประตูที่ปิดตาย
250    พิมพ์ครั้งที่ 5
260    กรุงเทพฯ:^bประพันธ์สาส์น,^c2541
945    ^p95^l0^i014090
999 ^a ใช้งานได้ทุกระบบ
รายการนี้ยังไม่มีแท็ก
คุณยังไม่ได้ล็อกอิน คุณสามารถมีกิจกรรมร่วมกับเว็บไซต์ได้ แต่ต้องล็อกอินก่อน ::
  ล็อกอิน

รายการสื่อสารสนเทศ

ลำดับที่ ประเภท เลขเรียก/บาร์โค้ด สถานที่ สถานะ
1. นวนิยาย
นวนิยาย
นว. ก713ป  
  Barcode: 014090
ห้องสมุดวิทยาเขตสวรรค์ประชารักษ์
►นวนิยาย
บนชั้น
  ขอยืม

รายการใกล้เคียง
    ผู้แต่ง [กฤษณา อโศกสิน]

BibComment


ยังไม่เคยถูกคอมเมนท์

คอมเมนท์ทรัพยากรรายการนี้
  คอมเมนท์: ประตูที่ปิดตาย


 Copyright 2026. Bcnsprnw @Library